000 00668cab a2200229 4500
001 WB2402-14
008 090401t1988 xxu||||| |||| 00| 0 eng d
035 _a(Sirsi) u6286
041 _aeng
245 _aGreen belt threat
260 _c1988
350 _a0
490 _aGuardian
_v2/1/88 p26
520 _aExamines those development schemes which look likely to go ahead in 1988, including those which will make a steady encroachment on green belt land.
650 _aBRANTHALL PARK
650 _aCONSORTIUM DEVELOPMENTS
650 _aFOXLEY WOOD
650 _aSTONE BASSETT
690 _aPLANNING LAW AND PRACTICE
942 _n0
948 _c04/03/1997
999 _c3783
_d3783